000 00478nam a2200169Ia 4500
008 230917s9999||||xx |||||||||||||| ||und||
020 _cRS 849.00
040 _e5009531
_aMAIN
041 _aEnglish
082 _a621.3 R143M
100 _aRamachandran, K P
245 0 _aMechatronics: Integrated mechanical electronic systems
260 _aNew Delhi
_bWiley India
_c2019
300 _axxii, 830 p.
500 _a4508 27/01/2022 HBD22/9301 04/03/2022 Main Budget
942 _cBK
999 _c5304
_d5304